All Formula 1 race starters 2020–present - Statistics

General Stats
  • This quiz has been taken 1,279 times
    351 since last reset
  • The average score is 34 of 39
Answer Stats
Year(s) active Driver No. of races Team(s) Nationality % Correct
2019–present Lando Norris 131 McLaren UK
100%
2007–present Lewis Hamilton 130 Mercedes, Ferrari UK
100%
2015–present Max Verstappen 131 Red Bull Netherlands
100%
2015–present Carlos Sainz Jr. 127 McLaren, Ferrari, Williams Spain
99%
2018–present Charles Leclerc 129 Ferrari Monaco
99%
2001, 2003–18, 2021–present Fernando Alonso 114 Alpine, Aston Martin Spain
99%
2019–20, 2022–present Alexander Albon 107 Red Bull, Williams Thailand
98%
2019–present George Russell 131 Williams, Mercedes UK
98%
2017–present Lance Stroll 127 Racing Point, Aston Martin Canada
98%
2010, 2012–20, 2022–present Nico Hülkenberg 73 Racing Point, Aston Martin, Haas, Kick Sauber Germany
98%
2023–present Oscar Piastri 70 McLaren Australia
98%
2017–present Pierre Gasly 130 AlphaTauri, Alpine France
98%
2013–24 Valtteri Bottas 107 Mercedes, Alfa Romeo, Kick Sauber Finland
98%
2021–present Yuki Tsunoda 111 AlphaTauri, RB, Red Bull Japan
98%
2016–18, 2020–present Esteban Ocon 130 Renault, Alpine, Haas France
97%
2011–24 Sergio Pérez 105 Racing Point, Red Bull Mexico
97%
2011–24 Daniel Ricciardo 86 Renault, McLaren, AlphaTauri, RB Australia
96%
2007–22 Sebastian Vettel 59 Ferrari, Aston Martin Germany
95%
2022–24 Guanyu Zhou 68 Alfa Romeo, Kick Sauber China
94%
2014–20, 2022–24 Kevin Magnussen 83 Haas Denmark
93%
2023–present Liam Lawson 35 AlphaTauri, RB, Red Bull, Racing Bulls New Zealand
93%
2025–present Kimi Antonelli 24 Mercedes Italy
91%
2024–present Franco Colapinto 26 Williams, Alpine Argentina
89%
2024–present Oliver Bearman 27 Ferrari, Haas UK
89%
2025–present Gabriel Bortoleto 24 Kick Sauber Brazil
88%
2025–present Isack Hadjar 23 Racing Bulls France
88%
2020–22 Nicholas Latifi 61 Williams Canada
87%
2001–09, 2012–21 Kimi Räikkönen 37 Alfa Romeo Finland
86%
2023–24 Logan Sargeant 36 Williams USA
86%
2009, 2012–20 Romain Grosjean 15 Haas France
82%
2021–22 Mick Schumacher 43 Haas Germany
81%
2024–25 Jack Doohan 7 Alpine Australia
77%
2021 Nikita Mazepin 21 Haas Russia
76%
2017, 2019–21 Antonio Giovinazzi 39 Alfa Romeo Italy
73%
2022–23 Nyck de Vries 11 Williams, AlphaTauri Netherlands
73%
2014–17, 2019–20 Daniil Kvyat 17 AlphaTauri Russia
72%
2006–10, 2019, 2021 Robert Kubica 2 Alfa Romeo Poland
65%
2020 Pietro Fittipaldi 2 Haas Brazil
48%
2020 Jack Aitken 1 Williams UK
46%
No matching quizzes found
Score Distribution
Percent of People with Each Score
Percentile by Number Answered
Your Score History
You have not taken this quiz since the last reset